Governing immigration through crime: a reader/
Tallennettuna:
| Päätekijä: | |
|---|---|
| Muut tekijät: | |
| Aineistotyyppi: | Kirja |
| Kieli: | Spanish |
| Julkaistu: |
Stanford, California:
Stanford University Press,
2013
|
| Sarja: | Stanford Social Sciences
|
| Tagit: |
Lisää tagi
Ei tageja, Lisää ensimmäinen tagi!
|
MARC
| LEADER | 00000nam a22000007a 4500 | ||
|---|---|---|---|
| 003 | cru CIDCACS/IIS | ||
| 005 | 20180323062532.0 | ||
| 007 | ta | ||
| 008 | 180321t2013 cau|||||r|||||||| ||spa|d | ||
| 999 | |c 41168 |d 41168 | ||
| 020 | |a 9780804778817 | ||
| 040 | |c cru CIDCACS/IIS | ||
| 090 | |a 14.07.01 D751g | ||
| 100 | 1 | |9 6820 |a Dowling, Julie A. |d 1975- | |
| 245 | 1 | |a Governing immigration through crime: |b a reader/ |c edited by Julie A. Dowling and Jonathan Xavier Inda | |
| 260 | |a Stanford, California: |b Stanford University Press, |c 2013 | ||
| 300 | |a 311 páginas | ||
| 440 | |9 6822 |a Stanford Social Sciences | ||
| 700 | 1 | |a Inda, Jonathan Xavier |9 6821 | |
| 942 | |2 ddc |c LI | ||



